000 00243nam a2200097Ia 4500
001 709976
005 20250826162740.0
008 250824s9999 xx 000 0 und d
245 0 _aBU GELEN KÖROĞLUDUR
_cSAMED BEHRENGİ
260 _bCAN YAYINLARI
999 _c709976
_d709976